| 000 | 00944 a2200253 4500 | ||
|---|---|---|---|
| 999 |
_c11118 _d11118 |
||
| 020 | _a9780321734952 (pbk.) | ||
| 020 | _a0321734955 (pbk.) | ||
| 050 | 0 | 0 |
_aRA440.5 _bCOT 2012 |
| 100 | 1 |
_aCottrell, Randall R. _eauthor |
|
| 245 | 1 | 0 |
_aPrinciples & foundations of health promotion and education / _cRandall R. Cottrell, James T. Girvan, James F. McKenzie. |
| 250 | _afifth edition | ||
| 264 |
_a Boston : _b Benjamin Cummings, _c2012 |
||
| 300 |
_axvi, 384 pages _billustrations |
||
| 336 |
_2rdacontent _atext _btxt |
||
| 337 |
_2rdamedia _aunmediated _bn |
||
| 338 |
_2rdacarrier _avolume _bnc |
||
| 504 | _aIncludes bibliographical references and index. | ||
| 650 | 0 | _aHealth education. | |
| 650 | 0 | _aHealth promotion. | |
| 700 | 1 |
_aGirvan, James T., _d1946- |
|
| 700 | 1 |
_aMcKenzie, James F., _d1948- |
|
| 942 |
_2lcc _cBK _h440.5 _iCOT _kRA |
||